Wilhelm Busch album humoristischer bausschatz (Record no. 7539)

MARC details
000 -CABECERA
campo de control de longitud fija 00684nam a2200229 a 4500
001 - NÚMERO DE CONTROL
campo de control BRCA_7865
005 - FECHA Y HORA DE LA ÚLTIMA TRANSACCIÓN
campo de control 20190320210029.0
008 - DATOS DE LONGITUD FIJA--INFORMACIÓN GENERAL
campo de control de longitud fija 191113s1924----gw-ac#####---#000-0#ger-#
041 ## - CÓDIGO DE LENGUA
Código de lengua del texto/banda sonora o título independiente ger
044 ## - CÓDIGO DEL PAÍS DE LA ENTIDAD EDITORA/PRODUCTORA
Código MARC del país gw
050 #4 - SIGNATURA TOPOGRÁFICA DE LA BIBLIOTECA DEL CONGRESO
Número de clasificación NC1509
Número de documento/Ítem .B87 1924
100 1# - ENTRADA PRINCIPAL--NOMBRE DE PERSONA
Nombre de persona Busch, Wilhelm
9 (RLIN) 18280
245 10 - MENCIÓN DE TÍTULO
Título Wilhelm Busch album humoristischer bausschatz
Mención de responsabilidad, etc. Wilhelm Busch ; introducción Friedrich Bohne.
260 ## - PUBLICACIÓN, DISTRIBUCIÓN, ETC.
Lugar de publicación, distribución, etc. Berlín
Nombre del editor, distribuidor, etc. Deutsche Buch-Gemeinschaft
Fecha de publicación, distribución, etc. c1924
300 ## - DESCRIPCIÓN FÍSICA
Extensión 405 p.
Otras características físicas il. a color, 5 láminas, retratos
Dimensiones 29 cm.
500 ## - NOTA GENERAL
Nota general Ver también R89 y R90
500 ## - NOTA GENERAL
Nota general Y98
650 14 - PUNTO DE ACCESO ADICIONAL DE MATERIA--TÉRMINO DE MATERIA
Término de materia o nombre geográfico como elemento de entrada Humorismo alemán
9 (RLIN) 6123
700 1# - PUNTO DE ACCESO ADICIONAL--NOMBRE DE PERSONA
Nombre de persona Bohne, Friedrich
9 (RLIN) 9377
902 ## - CATALOGADOR
Iniciales GFM
942 ## - ELEMENTOS DE PUNTO DE ACCESO ADICIONAL (KOHA)
Fuente del sistema de clasificación o colocación Library of Congress Classification
Tipo de ítem Koha Libros
Holdings
Estado de retiro Estado de pérdida Estado dañado No para préstamo Localización permanente Ubicación/localización actual Fecha de adquisición Número de inventario Total de préstamos Signatura topográfica completa Código de barras Fecha visto por última vez Precio válido a partir de Tipo de ítem Koha
El ejemplar forma parte de la colección y puede ser consultado según las políticas vigentes.       Biblioteca del Museo Franz Mayer (Rogerio Casas-Alatriste) Biblioteca del Museo Franz Mayer (Rogerio Casas-Alatriste) 14/11/2013 Y98   NC1509 .B87 1924 (Y98) 8476 22/03/2019 22/03/2019 Libros